000 00449nam a2200169Ia 4500
008 230524s9999 xx 000 0 und d
082 _a610.32
_bVOE
100 _aDonald Voet
_923715
245 0 _aFundamentals of Biochemistry
250 _a1ST
260 _aSINGAPORE
_bJohn Wiley
_c1999
300 _aXXIII;893
500 _aQuantity Number: 1
650 _aBiomedical
700 _a" Judith G.Voet,Charlotte W.Pratt,,,"
_923716
942 _cBK
999 _c35254
_d35254